Clash Royale - Toutes les cartes ! - Statistiques

Statistiques générales
  • Ce quiz a été pris 431 fois
    115 depuis la dernière actualisation
  • Le résultat moyen est 60 sur 125
Statistiques - réponses
Élixir Carte % Correct
5 Prince
86%
3*# Chevalier
76%
5# Géant
74%
3 Princesse
74%
2# Gobelins
72%
3* Canon
70%
1* Esprit de glace
70%
4# Mini P.E.K.K.A
70%
7* P.E.K.K.A
70%
5*# Sorcier
70%
1* Squelettes
70%
1 Esprit de feu
68%
2 La bûche
68%
7* Méga chevalier
68%
8 Golem
66%
5* Barbares
64%
4 Boule de feu
64%
4 Chevaucheur de cochon
64%
4* Tesla
64%
6 Barbares d'élite
62%
4* Bébé dragon
62%
3* Fût à gobelins
62%
4*# Mousquetaire
62%
5* Sorcière
62%
5 Tour de l'enfer
62%
3* Archères
60%
2* Électrocution
60%
3 Flèches
60%
6* Géant royal
60%
3 Mineur
60%
3 Sorcier de glace
60%
6 Zappy
60%
5* Cochons royaux
58%
4 Électro-sorcier
58%
5 Reine des archères
58%
9 Trois mousquetaires
58%
3* Armée de squelettes
56%
? Miroir
56%
4 Prince ténébreux
56%
4 Roi squelette
56%
5# Ballon
54%
4* Dragon de l'enfer
54%
5* Électro-dragon
54%
1 Électro-esprit
54%
2# Fût à barbare
54%
3 Gargouilles
54%
4 Gel
54%
2 Gobelins à lances
54%
1 Esprit de guérison
52%
6 Foudre
52%
4 Mamie sorcière
52%
4 Sorcière de la nuit
52%
4 Tour à bombes
52%
4* Bûcheron
50%
6 Cabane de barbares
50%
4 Chevalier d'or
50%
2# Golem de glace
50%
5 Moine
50%
3 Petit prince
50%
2 Rage
50%
7* Recrues royales
50%
4 Cabane de gobelins
48%
6 Cheffe des voleuses
48%
7 Électro-géant
48%
4 Maître mineur
48%
6 Roquette
48%
4* Valkyrie
48%
3 Voleuse
48%
6 Arc-X
46%
5 Cimetière
46%
3 Gang de gobelins
46%
3 Golem d'élixir
46%
3* Fût à squelettes
44%
6* Gobelin géant
44%
5* Horde de gargouilles
44%
4 Poison
44%
3 Ronces
44%
6 Squelette géant
44%
4* Cage gobeline
42%
3 Gardes
42%
7 Molosse de lave
42%
3 Néant
42%
4# Archer magique
40%
- Duchesse aux dagues
40%
3* Fantôme royal
40%
2 Malédiction gobeline
40%
- Canonnier
38%
5 Cavabélière
38%
2* Chauves-souris
38%
3 Pierre tombale
38%
2 Berserker
36%
2* Bombardier
36%
4* Fournaise
36%
3* Gobelin à sarbacane
36%
2* Sapeurs
36%
3* Artificière
34%
3 Colis royal
34%
4 Géante Runique
34%
5 Gobelinstein
34%
4* Mortier
34%
3 Séisme
34%
3 Clonage
32%
5 Fripons
32%
5 Machine gobeline
32%
2* Méga boule de neige
32%
3# Méga gargouille
32%
3 Pêcheur
32%
6 Extracteur d'élixir
30%
6 Impératrice spirituelle
30%
3 Tornade
30%
4* Bélier de combat
28%
4* Chasseur
28%
- Cuistot royal
28%
4 Dragons squelettes
28%
4 Électrocuteurs
28%
4* Foreuse gobeline
28%
4 Machine volante
28%
5 Bouliste
26%
- Princesse de la tour
26%
2 Buisson suspicieux
24%
4 Gobelin explosif
24%
4 Guérisseuse armée
24%
5* Bourreau
20%
4 Phénix
20%
5 Charrette à canon
18%
Aucun quiz correspondant
Distribution des résultats
% des personnes avec chaque résultat
Percentile par nombre de réponses
Votre historique - résultats
Vous n’avez pas pris ce quiz depuis la dernière actualisation